000 00583nam a2200241Ia 4500
003 OSt
005 20221007062334.0
006 a|||||r|||| 00| 0
007 ta
008 221006b |||||||| |||| 00| 0 eng d
024 _a5,651
037 _cTextual
040 _aFLL
_cFLL
_beng
041 _2eng
_aeng
082 _aZQ2, M1
100 _aDiwan Paras
245 0 _aHindu law
260 _aAllahabad
_bLaw Book Comp. India
_c1981
300 _a435p
_ccm.
650 _aHindu law
942 _hZQ2, M1
_cTEXL
_2CC
999 _c1128361
_d1128361